000 00853nam a2200241 i 4500
001 69838
003 ES-MaACL
005 20250812031424.0
007 t|
008 040712s1986 sp a |||| | spa d
020 _a84-85728-54-8
100 1 _aGarcía Iglesias, José Manuel.
_954787
245 1 3 _aLa pintura manierista en Galicia
_b: catalogación arqueológica y artística de Galicia del Museo de Pontevedra /
_cJosé Manuel García Iglesias.
250 _a1ª ed.
260 _aLa Coruña :
_bFundación Pedro Barrie de la Maza,
_c1986.
300 _a237 p. :
_bil. ;
_c29 cm.
504 _aBibliografía.
650 4 _aPintura-
_zGalicia.
_9166337
650 0 7 _aArte manierista
_2embne
_910240
710 2 _aFundación Pedro Barrié de la Maza, Conde de Fenosa
_9176439
852 _aES-MaACL
_jL-10550
999 _c69838
_d69838